000 00447nam a2200181Ia 4500
001 12775
005 20260306163006.0
008 260306t2003||||xx |||||||||||||| ||spa||
041 _aESP
082 _a262.13
_bD59
100 _aHerder Editorial
_eAUT
245 0 _aDiccionario enciclopédico de los papas y del papado
260 _c2003
300 _a607 páginas :
_c26 cm.
650 _aGEN
654 _aCHU
942 _cDIC
_dJUS
_fJUS
_2ddc
_n
999 _c12775
_d12775